الزهور ( 66 ابريل 2006 ) : الا رسول الله / (Record no. 32577)
[ view plain ]
| 000 -الفاتح | |
|---|---|
| حقل البيانات ثابتة الطول | 00606nam a2200169Ia 4500 |
| 008 - عناصر البيانات ثابتة الطول - معلومات عامة | |
| حقل البيانات ثابتة الطول | 140319s9999 xx 000 0 ara d |
| 040 ## - مصدر الفهرسة | |
| وكالة الفهرسة الأصلية | GCL / |
| وكالة النسخ | GCL |
| 082 04 - رقم تصنيف ديوى العشرى | |
| رقم التصنيف | د |
| رقم المادة | 050 |
| -- | ش ز |
| 100 1# - المدخل الرئيسى - إسم شخصى | |
| الإسم الشخصى | محمد رشيد رضا |
| 245 10 - بيان العنوان | |
| العنوان | الزهور ( 66 ابريل 2006 ) : الا رسول الله / |
| بيان المسئوليه,etc | محمد رشيد رضا |
| 260 ## - PUBLICATION, DISTRIBUTION, ETC. (IMPRINT) | |
| تاريخ النشر أو التوزيع | 0 |
| 300 ## - الوصف المادى | |
| التعداد | 1134 ص ؛ |
| أبعاد الوعاء | 23 سم |
| 650 04 - المدخل الاضافى بالموضوع-مصطلح موضوعى | |
| مصطلح موضوعي | الرسول محمد صلى الله عليه وسلم |
| 650 04 - المدخل الاضافى بالموضوع-مصطلح موضوعى | |
| مصطلح موضوعي | طهى الخضروات |
| 942 ## - عناصر المدخل الإضافي( كوها) | |
| مصدر التصنيف او مخطط الترفيف | Dewey Decimal Classification |
| Koha [default] item type | الدوريات |
| 260 ## - PUBLICATION, DISTRIBUTION, ETC. (IMPRINT) | |
| -- | قبرص : |
| -- | شركة النيل للاعلام والنشر المحدودة ، |
| حالة التراجع | حالة الفقد | حالة تلف | ليس للاعارة | المكان المؤقت | الموقع الحالى | تاريخ الاكتساب | اجمالي اﻻعارات | رقم الطلب | الباركود | تاريخ اخر مشاهدة | تاريخ تفعيل السعر | نوع وعاء كوها |
|---|---|---|---|---|---|---|---|---|---|---|---|---|
| مكتبة القاهرة الكبرى | مكتبة القاهرة الكبرى | 03/26/2014 | د\050\ش ز | 76706 | 03/26/2014 | 03/26/2014 | الدوريات | |||||
| مكتبة القاهرة الكبرى | مكتبة القاهرة الكبرى | 03/26/2014 | د\050\ش ز | 76707 | 03/26/2014 | 03/26/2014 | الدوريات | |||||
| مكتبة القاهرة الكبرى | مكتبة القاهرة الكبرى | 03/26/2014 | د\050\ش ز | 76708 | 03/26/2014 | 03/26/2014 | الدوريات | |||||
| مكتبة القاهرة الكبرى | مكتبة القاهرة الكبرى | 03/26/2014 | د\050\ش ز | 76709 | 03/26/2014 | 03/26/2014 | الدوريات |

